00631nam a2200193Ia 4500008004100000020001800041082001500059100001700074245004700091250000700138260004400145300002300189500001900212600003300231650001500264942000700279952013400286999001700420240925s9999 xx 000 0 und d a9780226461700 a808.02 JEN aJensen, Joli 0aWrite No Matter What: advice for academics aNA aChicago:bUniversity of Chicagoc,2017. a763p.b0fOriginal aIncludes Index aHumanities & Natural Science aLiterature cBK 001040708HUMaUITUbUITUd2019-01-20eAllied Book Companyg1216.80l0o808.02 JENpQ13837r2024-09-25 07:17:00w2024-09-25yBK c16336d16336